000 00578nam a2200217Ia 4500
005 20241129110249.0
008 241129s9999||||xx |||||||||||||| ||und||
020 _a978-93-86125-94-1
037 _aTB
040 _aARTS
_beng
_cARTS
041 _aeng
_2urd
084 _aO168,1L22:g Q8
_qARTS
100 _aMazhar Ahmad Au.
245 0 _aMeer Tanqeed
_cMazhar Ahmad Au.
260 _aDelhi, India
_bM. R. Publications
_c2015
300 _a471p.
365 _aINR
_b575
650 _aUrdu Poetry
942 _cTB
_hO168,1L22:g Q8
999 _c1227947
_d1227947